000 00425nam a2200145Ia 4500
008 230524s9999 xx 000 0 und d
020 _a9788183556286
100 _awww.gkpublications.com
245 0 _aGATE Papers (1992-2012) & Practice Papers- Electronics and Communication Engineering
250 _a1
260 _aNoida
_bGKP
_c2012
500 _aQuantity Number: 2
650 _aPersonality Development
942 _cBK
999 _c52311
_d52311